Národní značky kvality v Evropě
V súvislosti sa prijatím Národnej politiky podpory akosti v ČR sa dostáva do pozornosti problematika označovania kvalitných výrobkov a služieb. Označovanie kvalitných výrobkov v európskych krajinách. Nemecký inštitút pre zabezpečovanie akosti a značkovanie. Značky kvality RAL.
Na minha lista:
| Autor principal: | |
|---|---|
| Outros Autores: | |
| Formato: | Capítulo de Livro |
| Idioma: | tcheco |
| Assuntos: | |
| Tags: |
Sem tags, seja o primeiro a adicionar uma tag!
|
MARC
| LEADER | 00000naa a2200000 4500 | ||
|---|---|---|---|
| 001 | r041508 | ||
| 005 | 20230524135230.5 | ||
| 041 | 0 | |a cze | |
| 044 | |a CZ | ||
| 245 | 1 | 0 | |a Národní značky kvality v Evropě |c Albína Čermáková, Karel Novák |
| 520 | |a V súvislosti sa prijatím Národnej politiky podpory akosti v ČR sa dostáva do pozornosti problematika označovania kvalitných výrobkov a služieb. Označovanie kvalitných výrobkov v európskych krajinách. Nemecký inštitút pre zabezpečovanie akosti a značkovanie. Značky kvality RAL. | ||
| 610 | 2 | 0 | |a značky kvality |
| 610 | 2 | 0 | |a označovanie tovarov |
| 610 | 2 | 0 | |a kvalita výrobkov |
| 610 | 2 | 0 | |a krajiny vyspelé |
| 610 | 2 | 0 | |a Európa |
| 610 | 2 | 0 | |a Nemecko |
| 100 | 1 | |a Čermáková, Albína | |
| 700 | 1 | |a Novák, Karel | |